Biblioteca

Logros y tareas de la teología latinoamericana (Registro nro. 69884)

Detalles MARC
000 -LÍDER
Campo fijo de descripción fija 01426nab a2200217 i 4500
001 - NÚMERO DE CONTROL
Campo de control 768714001
003 - IDENTIFICADOR DEL NÚMERO DE CONTROL
Campo de control CO-MdFUSB
005 - FECHA Y HORA DE LA ULTIMA TRANSACCIÓN
control field 20240523155119.0
008 - ELEMENTOS DE LONGITUD FIJA -- INFORMACIÓN GENERAL
Campo fijo de descripción fija -- Información general 240523t1974 sp ||||| |||| 00| 0 spa d
040 ## - FUENTE DE CATALOGACIÓN
Idioma de catalogación spa
Agencia que realiza la transcripción CO-MdFUSB
Agencia que realiza la modificación CO-MdFUSB
041 ## - CÓDIGO DE IDIOMA
Código de idioma para texto/pista de sonido o título separado spa
100 ## - ASIENTO PRINCIPAL--NOMBRE PERSONAL
Nombre personal Vidales, Raúl,
Término relacionador autor
245 ## - TÍTULO
Título Logros y tareas de la teología latinoamericana
Mención de responsabilidad / Raúl Vidales
520 ## - NOTA DE RESUMEN, ETC.
Nota de sumario, etc. Es difícil poder fijar una localización cronológica del movimiento teológico de la liberación. Su origen y evolución han sido complejos y todavía no existe un estudio suficientemente crítico al cual podamos atenernos.<br/>Dentro del proceso de la reflexión teológica de la liberación, las formulaciones se van mostrando cada vez más explícitas a partir de 1965.<br/>Pero es en el encuentro de CELAM, en Medellín (1968), donde la teología de la liberación adquiere su carta de ciudadanía. Si no puede afirmarse que nace en esta ocasión, sí es del todo necesario subrayar no sólo la acogida oficial, sino el impulso que recibió el futuro movimiento y quehacer teológico en la perspectiva de liberación.<br/>
650 #7 - ASIENTO SECUNDARIO DE MATERIA - TERMINO TEMÁTICO
Término temático o nombre geográfico como elemento de entrada Teología de la liberación
9 (RLIN) 449
650 #0 - ASIENTO SECUNDARIO DE MATERIA - TERMINO TEMÁTICO
Término temático o nombre geográfico como elemento de entrada Salvación
9 (RLIN) 48
650 #7 - ASIENTO SECUNDARIO DE MATERIA - TERMINO TEMÁTICO
Término temático o nombre geográfico como elemento de entrada Escatología
9 (RLIN) 213
773 0# - ASIENTO DE ITEM FUENTE
Biblionumber 49450
Itemnumber 82676
Otro identificador del ítem R2586
Título Revista internacional de teología Concilium
Número de control del registro (CO-MdFUSB)8
Número Internacional Normalizado para Publicaciones Seriadas (ISSN) 0210-1041
Parte(s) relacionada(s) / Volumen., número. (mes año), páginas Volumen 96, (junio , 1974), páginas: 423 - 430
Enumeración y primera página páginas: 423
942 ## - TIPO DE MATERIAL (KOHA)
Tipo de Item KOHA Artículos de Revista
945 ## - INFORMACIÓN LOCAL DEL REGISTRO
Catalogador c

No hay ítems disponibles.

Biblioteca FUSBC | Teléfono: (57+4) 349 88 10 Ext. 141| WhatsApp (+57) 3005338115 
E-mail: biblioteca@unisbc.edu.co | Calle 76 87-14 Robledo Palenque, Medellín, Colombia

Con tecnología Koha